书目信息 |
| 题名: |
大学化学实验
|
|
| 作者: | 郑阿群 , 孙杨 主编 | |
| 分册: | ||
| 出版信息: | 北京 科学出版社 2018 |
|
| 页数: | 196页 | |
| 开本: | 26cm | |
| 丛书名: | ||
| 单 册: | ||
| 中图分类: | O6-3 | |
| 科图分类: | ||
| 主题词: | 化学实验--教材 | |
| 电子资源: | ||
| ISBN: | 978-7-03-058629-2 | |
| 000 | 00933nam0 2200241 450 | |
| 001 | 012001001630 | |
| 005 | 20131108152430.0 | |
| 010 | @a978-7-03-058629-2@dCNY49.00 | |
| 100 | @a20181114d2018 em y0chiy50 ea | |
| 101 | 0 | @achi |
| 102 | @aCN@b110000 | |
| 105 | @aa z 000yy | |
| 106 | @ar | |
| 200 | 1 | @a大学化学实验@Ada xue hua xue shi yan@f郑阿群, 孙杨主编 |
| 210 | @a北京@c科学出版社@d2018 | |
| 215 | @a196页@c图@d26cm | |
| 330 | @a本书分为绪论、化学实验基本知识、实验室常用仪器、基础性实验、综合性实验、设计性实验和研究拓展性实验7章内容。书中详细介绍了实验室安全知识、基本操作、常用器皿和仪器的使用方法与注意事项,以及化学实验中的数据处理;编写的49个实验,涵盖了基础性实验、综合性实验、设计性实验与研究拓展性实验四个层次。 | |
| 606 | 0 | @a化学实验@j教材 |
| 690 | @aO6-3@v5 | |
| 701 | 0 | @a郑阿群@Azheng a qun@4主编 |
| 701 | 0 | @a孙杨@Asun yang@4主编 |
| 801 | 0 | @aCN@b北京卓展@c20191020 |
| 905 | @b1198700-3@dO6-3@e1025@f4 | |
| 大学化学实验/郑阿群, 孙杨主编.-北京:科学出版社,2018 |
| 196页:图;26cm |
| ISBN 978-7-03-058629-2:CNY49.00 |
| 本书分为绪论、化学实验基本知识、实验室常用仪器、基础性实验、综合性实验、设计性实验和研究拓展性实验7章内容。书中详细介绍了实验室安全知识、基本操作、常用器皿和仪器的使用方法与注意事项,以及化学实验中的数据处理;编写的49个实验,涵盖了基础性实验、综合性实验、设计性实验与研究拓展性实验四个层次。 |
| ● |
| 相关链接 |
|
|
|
|
正题名:大学化学实验
索取号:O6-3/1025
 
预约/预借
| 序号 | 登录号 | 条形码 | 馆藏地/架位号 | 状态 | 备注 |
| 1 | 1198700 | 211987000 | 第二样本阅览室/ [索取号:O6-3/1025] | 在馆 | |
| 2 | 1198701 | 211987019 | 第三借阅区/ [索取号:O6-3/1025] | 在馆 | |
| 3 | 1198702 | 211987028 | 第三借阅区/ [索取号:O6-3/1025] | 在馆 | |
| 4 | 1198703 | 211987037 | 第三借阅区/ [索取号:O6-3/1025] | 在馆 |